000 00627nam a2200265Ia 4500
005 20260324152715.0
008 008 260324s9999 xx 000 0 eng d
020 _a9780124103979
037 _aEBOOK
040 _aCRL
040 _beng
040 _cCRL
041 _2eng
041 _aeng
084 _qCRL
100 _aFarber, Rob
_91229531
245 0 _aParallel Programming with OpenACC
260 _bElsevier
260 _c2017
650 _aComputer Science
856 _uhttps://www.sciencedirect.com/science/book/9780124103979
942 _cEBOOK
999 _c1840338
_d1840338